| 000 | 00846nam a22002177a 4500 | ||
|---|---|---|---|
| 999 |
_c11349 _d11349 |
||
| 003 | AR-CdUCM | ||
| 008 | 190403b ||||| |||| 00| 0 spa d | ||
| 040 |
_aMUNICIPALIDAD PROVINCIAL DEL CUSCO _cBIBLIOTECA MUNICIPAL DEL CUSCO |
||
| 082 |
_a378.9 / _bD286 /1946 |
||
| 110 |
_aCámara de diputados del Perú _928672 |
||
| 245 |
_aDebate sobre reforma universitaria : _bley N°. 10555 / |
||
| 260 |
_aLima : _bTorres Aguirre, _c1946. |
||
| 300 |
_a587 páginas ; _c24 cm. |
||
| 505 | _aContenido: Debate global -- Texto del estatuto universitario de 1946, aprobado por el congreso nacional y promulgado por el poder ejecutivo -- Texto de la ley N° 10576 ... | ||
| 650 |
_aLeyes Universitarias _99680 |
||
| 650 |
_aUniversidades peruanas _91993 |
||
| 650 |
_aReglamentos _98910 |
||
| 650 |
_aPeri _928673 |
||
| 942 |
_2ddc _cLIBROS |
||
| 945 | _acmm | ||